01145nam a2200313 a 4500001001000000003000400010005001700014008004100031040002500072049000900097082000900106245005900115260003800174300003500212590002700247700003200274700002700306700003400333700002900367700004000396700004200436700003400478700002700512700002900539942001400568952010500582952012700687999001700814000029168OSt20201211095645.0110414s1986 dr c 000 0 spa d aDO-SdBNPbspacBNPHU aBNPD bU54s00aEn una sola torre /cManuel Joglar Cacho... [et. al.]. aSanto Domingo :bCorripio,c1986. a192 p. :bil., retr. ;c24 cm. aInventariado, 2020 /LP1 aJoglar Cacho, Manuel9560801 aVicéns, Nimia9560811 aLópez Suria, Violeta9560821 aArrillaga, María971061 aRamírez Córdova, Antonio9560831 aRodríguez Nietzsche, Vicente9560841 aCastro Río, Andrés9560851 aSantaliz, Coqui9248201 aCobián, Ricardo956086 2ddccLBS1 00102ddc51718PDaBNPHUbPDcHDd2011-04-14iLF1l0oU54sp29168-10r2020-06-25w2020-06-25yLFPD 00102ddc51718PDaBNPHUbPDcHDd2019-08-14eFamilia Reyes Duluc.iLF1l0oU54sp29168-20r2020-06-25w2020-06-25yLFPD c28660d28660